000 00635nam a2200241Ia 4500
003 OSt
005 20221006144641.0
006 a|||||r|||| 00| 0
007 ta
008 221006b |||||||| |||| 00| 0 eng d
020 _cP30.00
024 _a12,258
037 _cTextual
040 _aEASL
_cEASL
_beng
041 _2eng
_aeng
082 _aV41.D50, N2
100 _aTWITCHETT Denis
245 0 _aWriting of offical history under the tang
260 _aCambridge
_bCambridge University
_c1992
300 _a290p.
_ccm.
942 _hV41.D50, N2
_cTEXL
_2CC
999 _c1080344
_d1080344